| 000 | 01110cam a2200253 4500 | ||
|---|---|---|---|
| 001 | ABS68743 | ||
| 008 | 050218n2005 000 0 eng u | ||
| 035 | _a(Sirsi) u128842 | ||
| 100 | _aSchulte, K. | ||
| 245 | _aTransparency in the German real estate market | ||
| 260 | _c2005 | ||
| 490 |
_aJournal of Property Investment and Finance _v23(1) 2005, 90-108(19) |
||
| 520 | _aInvestigates and discusses the concept of transparency in the German real estate market, the availability of private and public market data, major real estate investment products, performance measurement, changes in the regulatory environment and the emergence of organisations and publications. Shows that transparency in the German real estate market has noticeably improved but, compared with the USA or UK, it still lacks transparency. [Taken from journal abstract] | ||
| 590 | _aABS | ||
| 590 | _aABS | ||
| 650 | _aTRANSPARENCY | ||
| 650 | _aREAL ESTATE MARKET | ||
| 650 | _aMARKET DATA | ||
| 650 | _aGERMANY | ||
| 690 | _aINTERNATIONAL-EUROPE | ||
| 700 | _aRottke, N. | ||
| 700 | _aPitschke, C. | ||
| 942 | _n0 | ||
| 999 |
_c118503 _d118503 |
||